022_ Personnalités nées un 22 janvier par images - Statistiques

Statistiques générales
  • Ce quiz a été pris 41 fois
  • Le résultat moyen est 3 sur 9
Statistiques - réponses
Par images Hint Réponse % Correct
Rappeur Bigflo
97%
Footballeur Frank Lebœuf
79%
Actrice Isabelle Nanty
71%
Homme d'affaires Marcel Dassault
21%
Dessinatrice Pénélope Bagieu
8%
Pongiste Fan Zhendong
5%
Écrivain Francis Bacon
0%
Architecte James Fergusson
0%
Écrivain Louis Pergaud
0%
Aucun quiz correspondant
Distribution des résultats
% des personnes avec chaque résultat
Percentile par nombre de réponses
Votre historique - résultats
Vous n’avez pas pris ce quiz